000 00331nam a2200133Ia 4500
005 20260328101454.0
008 260328s9999||||xx |||||||||||||| ||und||
100 _ade Mena, José María
245 0 _aHistoria de Sevilla /
_cJosé María de Mena
260 _bPlaza & Janés
300 _a284 p.
650 _aHISTORIA
942 _cBK
999 _c8770
_d8770